[Event "Las Vegas National op"]
[Site "Las Vegas"]
[Date "2014.06.14"]
[Round "3"]
[White "Schoch, Ian David"]
[Black "Gulamali, Kazim"]
[Result "0-1"]
[WhiteElo "2150"]
[BlackElo "2300"]
[PlyCount "108"]
[EventDate "2014.06.13"]
[EventType "swiss"]
[EventRounds "6"]
[EventCountry "USA"]
[SourceTitle "CBM 160 Extra"]
[Source "ChessBase"]
[SourceDate "2014.07.01"]
[SourceVersion "1"]
[SourceVersionDate "2014.07.01"]
[SourceQuality "1"]

1. d4 Nf6 2. c4 g6 3. Nf3 Bg7 4. g3 0-0 5. Bg2 d5 6. b3 c5 7. e3 cxd4 8. exd4 Nc6 9. 0-0 Bg4 10. Be3 Qc8 11. Nbd2 Qf5 12. Rc1 Rfd8 13. Qc2 Qh5 14. a3 Bh3 15. Rfe1 e6 16. c5 Ng4 17. Nf1 f6 18. Nh4 Bxg2 19. Kxg2 e5 20. Nf3 e4 21. Ng1 f5 22. h3 Nh6 23. Qd1 Qxd1 24. Rexd1 Nf7 25. h4 h6 26. Nh3 Bf6 27. b4 g5 28. h5 a6 29. Ng1 Rd7 30. f4 Nfd8 31. fxg5 hxg5 32. Nh3 Ne6 33. Rc2 Rg7 34. Kh2 Ncxd4 35. Rf2 Nf3+ 36. Rxf3 exf3 37. Rxd5 Rf8 38. Rxf5 g4 39. Nf2 Bd4 40. Rd5 Bxe3 41. Nxe3 Rg5 42. Rxg5+ Nxg5 43. Nexg4 Kh7 44. Ne5 Re8 45. Nfd3 Kg7 46. a4 Kf6 47. b5 axb5 48. axb5 Rxe5 49. Nxe5 Kxe5 50. c6 bxc6 51. bxc6 Kd6 52. h6 Kxc6 53. Kg1 Kd5 54. Kf2 Ke5 0-1

[Event "USA tt"]
[Site "ICC INT"]
[Date "2013.09.11"]
[Round "3"]
[White "Schoch, Ian David"]
[Black "Goldenberg, Ryan D"]
[Result "0-1"]
[WhiteElo "2164"]
[BlackElo "2271"]
[PlyCount "154"]
[EventDate "2013.08.27"]
[EventType "team-tourn"]
[EventRounds "10"]
[EventCountry "USA"]
[SourceTitle "CBM 156 Extra"]
[Source "ChessBase"]
[SourceDate "2013.10.22"]
[SourceVersion "1"]
[SourceVersionDate "2013.10.22"]
[SourceQuality "1"]
[WhiteTeam "Baltimore"]
[BlackTeam "Manhattan"]
[WhiteTeamCountry "USA"]
[BlackTeamCountry "USA"]

1. e4 e6 2. d4 d5 3. exd5 exd5 4. Nf3 Bd6 5. c4 Nf6 6. Nc3 0-0 7. c5 Re8+ 8. Be2 Be7 9. Bf4 Ne4 10. 0-0 Bf6 11. Ne5 Nc6 12. Bb5 Bxe5 13. Bxe5 Bd7 14. Nxe4 dxe4 15. Bxc6 Bxc6 16. Qb3 Re6 17. Rfe1 Qd7 18. Rad1 Rd8 19. Bxc7 Bd5 20. Qg3 Rg6 21. Qf4 Rf6 22. Qg3 Rg6 23. Qf4 Qh3 24. g3 Rh6 25. g4 Rh4 26. Re3 Rxg4+ 27. Rg3 Rxg3+ 28. Qxg3 Qh5 29. Re1 Re8 30. Be5 Qg6 31. Qxg6 hxg6 32. b4 f6 33. Bd6 a6 34. a4 Bc6 35. f3 exf3 36. Rxe8+ Bxe8 37. Kf2 Bxa4 38. Kxf3 Bc6+ 39. Kf4 g5+ 40. Kf5 Kf7 41. Bc7 g6+ 42. Kg4 Bd7+ 43. Kf3 Ke6 44. Bd8 Bc6+ 45. Ke3 Bd5 46. Kd3 g4 47. Ke3 g5 48. Kf2 Kf5 49. Kg3 Be6 50. Be7 Kg6 51. d5 Bxd5 52. Kxg4 f5+ 53. Kg3 f4+ 54. Kf2 g4 55. Bd8 Kf5 56. Be7 Ke4 57. Bd8 Kd3 58. Bc7 Kc4 59. Ba5 Bc6 60. Kg1 g3 61. hxg3 fxg3 62. Kf1 b6 63. cxb6 Bb7 64. Ke2 Kb3 65. Ke3 Kc2 66. Ke2 g2 67. Kf2 Kd3 68. Kg1 Ke2 69. b5 axb5 70. Bb4 Kd3 71. Kf2 Kc4 72. Be7 b4 73. Bf6 Kd3 74. Be7 b3 75. Ba3 Kc2 76. Kg1 b2 77. Bxb2 Kxb2 0-1

[Event "USA-chT Amateur East"]
[Site "Parsipanny"]
[Date "2009.02.15"]
[Round "4"]
[White "Ostrovskiy, Aleksandr A"]
[Black "Schoch, Ian David"]
[Result "0-1"]
[WhiteElo "2072"]
[BlackElo "1981"]
[PlyCount "68"]
[EventDate "2009.02.14"]
[EventType "team-tourn"]
[EventRounds "6"]
[EventCountry "USA"]
[SourceTitle "CBM 129 Extra"]
[Source "ChessBase"]
[SourceDate "2009.05.05"]
[SourceVersion "2"]
[SourceVersionDate "2009.05.20"]
[SourceQuality "1"]

1. e4 e5 2. Nf3 Nc6 3. Bb5 Nge7 4. 0-0 a6 5. Ba4 g6 6. Re1 Bg7 7. c3 0-0 8. d3 d5 9. Nbd2 h6 10. Nf1 Kh7 11. Qe2 f5 12. exd5 Qxd5 13. Ne3 Qc5 14. Bc2 b5 15. b4 Qd6 16. Bb2 Bb7 17. Red1 Rae8 18. a4 g5 19. axb5 axb5 20. h3 Ng6 21. Nf1 Nf4 22. Qe3 Ne7 23. Ne1 Qd5 24. f3 Qe6 25. Ra7 Ba8 26. Ra3 Neg6 27. Ng3 Kh8 28. Ne2 g4 29. hxg4 fxg4 30. d4 gxf3 31. Nxf4 Rxf4 32. Qd3 f2+ 33. Kf1 e4 34. Qxb5 Bd5 0-1

[Event "USA-chT Amateur East"]
[Site "Parsipanny"]
[Date "2009.02.14"]
[Round "2"]
[White "Kelleher, Jeff"]
[Black "Schoch, Ian David"]
[Result "0-1"]
[WhiteElo "2101"]
[BlackElo "1981"]
[PlyCount "120"]
[EventDate "2009.02.14"]
[EventType "team-tourn"]
[EventRounds "6"]
[EventCountry "USA"]
[SourceTitle "CBM 129 Extra"]
[Source "ChessBase"]
[SourceDate "2009.05.05"]
[SourceVersion "2"]
[SourceVersionDate "2009.05.20"]
[SourceQuality "1"]

1. d4 d5 2. c4 c6 3. Nf3 Nf6 4. cxd5 cxd5 5. Nc3 Nc6 6. Bf4 e6 7. e3 Bb4 8. Bd3 0-0 9. 0-0 Bd7 10. Rc1 Rc8 11. a3 Be7 12. b4 Nh5 13. Be5 Nxe5 14. Nxe5 Nf6 15. f4 a5 16. Qb3 axb4 17. axb4 Qb6 18. b5 Qa5 19. Rc2 Ra8 20. Ra2 Qb4 21. Qc2 Rxa2 22. Nxa2 Qd6 23. Rc1 Rc8 24. Qa4 Rxc1+ 25. Nxc1 Qc7 26. Na2 Be8 27. Qa7 Nd7 28. Nc6 Bd6 29. Na5 Bxf4 30. exf4 Qxf4 31. Nb4 Qd2 32. h3 Qxb4 33. Nxb7 Qd2 34. Bf1 Qe3+ 35. Kh1 Qf4 36. Qa1 Qc7 37. Qa8 Kf8 38. Nd8 Nb6 39. Nxe6+ fxe6 40. Qa6 Ke7 41. Kg1 Nd7 42. Qa3+ Qd6 43. Qc1 Qb6 44. Qg5+ Kf8 45. Qf4+ Nf6 46. Bd3 Bxb5 47. Bxh7 e5 48. Qxe5 Nxh7 49. Qxd5 Nf6 50. Qe5 Bc6 51. Kh2 Qb5 52. Qd6+ Kf7 53. Qc7+ Kg8 54. g4 Qd5 55. Kg3 Ne4+ 56. Kf4 Qf7+ 57. Qxf7+ Kxf7 58. h4 Ke6 59. g5 g6 60. Kg4 Nd2 0-1